00840nam a2200289Ia 4500008004100000020001800041100001700059245003100076245006800107260001500175260002000190260000900210300002700219300002700246300001000273500007300283650001500356650001800371650002500389650001600414650002400430650002200454650002200476650002200498650002200520700000800542160803s9999 xx 000 0 und d a9780439686167 aPenn, Audrey 2aA pocket full of kisses /  cwritten by Audrey Penn ; illustrated by Barbara Leonard Gibson. aNew York : bScholastic Inc. c2004 a30 unnumbered pages :  bcolor illustrations ;  c28 cm aOriginally published: Haute, Indiana : Tanglewood Press, LLC, c2004. aBabies --  aLove stories. aMother and child --  aRaccoon --  aSibling rivalry --  xJuvenile fiction. xJuvenile fiction. xJuvenile fiction. xJuvenile fiction. a830